[Event "Lichtenberger Sommer 2016"]
[Site "?"]
[Date "2016.08.13"]
[Round "1.53"]
[White "Heuser, Philip"]
[Black "Kreuchauf, Olaf"]
[Result "1-0"]
[WhiteElo "2086"]
[BlackElo "1777"]
[PlyCount "23"]
[EventDate "2016.??.??"]
[WhiteTeam "Münchener SC"]
[BlackTeam "SC Eintracht Berlin"]

1. d4 Nf6 2. c4 c5 3. d5 b5 4. Nf3 e6 5. Bg5 Qa5+ 6. Nc3 Ne4 7. Bd2 Nxd2 8.
Nxd2 a6 9. e4 Bd6 10. cxb5 O-O 11. Nc4 Qc7 12. b6 1-0

[Event "Lichtenberger Sommer 2016"]
[Site "?"]
[Date "2016.08.13"]
[Round "1.54"]
[White "Völler, Lothar"]
[Black "Zschäbitz, Klaus"]
[Result "0-1"]
[WhiteElo "1778"]
[BlackElo "2077"]
[PlyCount "118"]
[EventDate "2016.??.??"]
[WhiteTeam "FS Dortmund"]
[BlackTeam "Berliner SchGes Eckbauer"]

1. c4 e6 2. Nc3 b6 3. Nf3 Bb7 4. e4 Bb4 5. d3 c5 6. Be2 d5 7. cxd5 exd5 8. exd5
Nf6 9. O-O Bxc3 10. bxc3 Nxd5 11. Bb2 O-O 12. d4 Nf4 13. Bc4 Nd7 14. dxc5 Nxc5
15. Bc1 Qxd1 16. Rxd1 Bxf3 17. gxf3 Nfe6 18. Be3 Rac8 19. a4 Rb8 20. Rd6 Rfd8
21. Rxd8+ Nxd8 22. Bd5 Ndb7 23. c4 Na5 24. Bf4 Re8 25. Be3 Rc8 26. Bxc5 Rxc5
27. Rd1 g6 28. Rd4 Kg7 29. Kf1 Rc7 30. h4 Kh6 31. Kg2 Nb3 32. Rd1 Kh5 33. Kg3
Nc5 34. Ra1 Re7 35. a5 Nb3 36. axb6 Nxa1 37. b7 Rxb7 38. Bxb7 Nb3 39. f4 a5 40.
Bf3+ Kh6 41. Bd1 Nc5 42. Kf3 a4 43. Bc2 a3 44. Bb1 Kh5 45. Ke3 Kxh4 46. Kd4
Ne6+ 47. Ke5 Kg4 48. Kd6 Kxf4 49. c5 h5 50. c6 Nd4 51. Ba2 Nxc6 52. Kxc6 h4 53.
Bd5 h3 54. Kc5 h2 55. Kb4 a2 56. Bxa2 h1=Q 57. Kc5 Qc1+ 58. Kd6 Qd2+ 59. Bd5
Qxf2 0-1

[Event "Lichtenberger Sommer 2016"]
[Site "?"]
[Date "2016.08.13"]
[Round "1.55"]
[White "Wirth, Heinz"]
[Black "Kasper, Peter"]
[Result "1-0"]
[WhiteElo "1996"]
[BlackElo "1778"]
[PlyCount "47"]
[EventDate "2016.??.??"]
[WhiteTeam "SC Weisse Dame (Berlin)"]
[BlackTeam "SG Eckturm (Berlin)"]

1. e4 c6 2. Nc3 d5 3. Nf3 dxe4 4. Nxe4 h6 5. d4 Bf5 6. Bd3 e6 7. O-O Bg4 8. c3
Qd5 9. Re1 Be7 10. Bf4 Nd7 11. Ned2 Ngf6 12. Qc2 c5 13. h3 Bxf3 14. Nxf3 c4 15.
Bf1 b5 16. Nd2 Nb6 17. Be2 Qd7 18. b3 Nfd5 19. Be5 cxb3 20. Qxb3 a6 21. c4 bxc4
22. Nxc4 Nxc4 23. Bxc4 Bf6 24. Bxd5 1-0

[Event "Lichtenberger Sommer 2016"]
[Site "?"]
[Date "2016.08.13"]
[Round "1.56"]
[White "Andresen, Klaus"]
[Black "Hahlbohm, Matthias"]
[Result "0-1"]
[WhiteElo "1559"]
[BlackElo "2101"]
[PlyCount "44"]
[EventDate "2016.??.??"]
[WhiteTeam "Niendorfer TSV"]
[BlackTeam "TSG Oberschöneweide"]

1. d4 d5 2. c4 e6 3. Nc3 f5 4. Nf3 Nf6 5. e3 c6 6. Be2 Bd6 7. O-O Nbd7 8. Ng5
Qe7 9. f3 h6 10. Nh3 O-O 11. Nf4 Bxf4 12. exf4 Rd8 13. Bd3 dxc4 14. Bxc4 Nb6
15. Bb3 c5 16. Be3 Nbd5 17. Nxd5 Nxd5 18. Bf2 Nxf4 19. Qc2 Qg5 20. Bg3 cxd4 21.
Qf2 d3 22. Bh4 Nh3+ 0-1

[Event "Lichtenberger Sommer 2016"]
[Site "?"]
[Date "2016.08.13"]
[Round "1.57"]
[White "Rüegsegger, Beat"]
[Black "Caglar, Ertan"]
[Result "1-0"]
[WhiteElo "2011"]
[BlackElo "1626"]
[PlyCount "57"]
[EventDate "2016.??.??"]
[WhiteTeam "Trubschachen"]
[BlackTeam "SW Lichtenrade"]

1. e4 c5 2. Nf3 Nc6 3. c3 e6 4. d4 d5 5. e5 h6 6. a3 Nge7 7. Bd3 Nf5 8. Be3
Nxe3 9. fxe3 c4 10. Bc2 Qb6 11. Qc1 Na5 12. Nbd2 Bd7 13. O-O Be7 14. Rb1 Nb3
15. Qd1 Ba4 16. Nxb3 Bxb3 17. Bxb3 Qxb3 18. Qxb3 cxb3 19. Nd2 Bg5 20. Rf3 a5
21. Nxb3 b6 22. Kf2 Be7 23. Ke2 h5 24. Kd3 g5 25. Nd2 g4 26. Rff1 a4 27. c4 Rh7
28. Rbc1 Rc8 29. cxd5 1-0

[Event "Lichtenberger Sommer 2016"]
[Site "?"]
[Date "2016.08.13"]
[Round "1.58"]
[White "Richter, Robert"]
[Black "Poseck, Steffen"]
[Result "0-1"]
[WhiteElo "1542"]
[BlackElo "2039"]
[PlyCount "72"]
[EventDate "2016.??.??"]
[WhiteTeam "SV Rüdersdorf"]
[BlackTeam "BSV 63 Chemie Weißensee"]

1. e4 c5 2. Nf3 a6 3. d4 cxd4 4. Nxd4 Nf6 5. Nc3 e5 6. Nb3 Bb4 7. Bd3 d5 8.
exd5 e4 9. Be2 Nxd5 10. Bd2 Nxc3 11. bxc3 Be7 12. O-O O-O 13. Re1 Re8 14. Bf1
Bg5 15. Qe2 Nc6 16. Rad1 Bxd2 17. Nxd2 Qh4 18. Nxe4 Bf5 19. f3 Bxe4 20. fxe4
Ne5 21. g3 Qf6 22. Bg2 Rac8 23. Rb1 b5 24. Rb3 Rc4 25. Qd2 Rd8 26. Qf4 Qb6+ 27.
Kh1 Ng6 28. Qg5 h6 29. Qf5 Qc5 30. Rf1 Ne5 31. Qf2 Qxf2 32. Rxf2 Rd1+ 33. Bf1
Ng4 34. Rf4 Rxe4 35. Rf3 Ree1 36. Kg1 Ne3 0-1

[Event "Lichtenberger Sommer 2016"]
[Site "?"]
[Date "2016.08.13"]
[Round "1.59"]
[White "Mai, Andreas"]
[Black "Reck, Jessica"]
[Result "1-0"]
[WhiteElo "2014"]
[BlackElo "1653"]
[PlyCount "97"]
[EventDate "2016.??.??"]
[WhiteTeam "SC Friesen Lichtenberg"]
[BlackTeam "SK König Tegel"]

1. e4 g6 2. d4 c6 3. Nc3 d5 4. e5 Bg7 5. f4 e6 6. Nf3 Ne7 7. Bd3 Nd7 8. O-O O-O
9. Kh1 a6 10. Qe1 c5 11. Be3 Nc6 12. dxc5 Nb4 13. a3 Nxd3 14. cxd3 b6 15. cxb6
Nxb6 16. Qf2 d4 17. Bxd4 Nd5 18. Nxd5 Qxd5 19. Bc5 Rd8 20. d4 Bb7 21. Qe3 Rab8
22. b4 Bh6 23. Rf2 Bf8 24. Rc1 Qd7 25. h3 Qa4 26. Nd2 Bd5 27. Rff1 a5 28. bxa5
Qxa5 29. Nc4 Bxc4 30. Rxc4 Qb5 31. Rfc1 Rbc8 32. a4 Qa6 33. Qc3 Bxc5 34. dxc5
Rc6 35. Qb4 Rdc8 36. Qb5 Qa7 37. a5 Ra6 38. c6 Rxa5 39. Qb7 Rc7 40. Qb4 Ra6 41.
Qd6 Qb8 42. Rb4 Rb6 43. Rcb1 Rxb4 44. Rxb4 Qc8 45. Kh2 Kg7 46. Rb6 h5 47. Kg3
Kh6 48. Kh4 Ra7 49. Rb8 1-0

[Event "Lichtenberger Sommer 2016"]
[Site "?"]
[Date "2016.08.13"]
[Round "1.60"]
[White "Spreer, Lutz"]
[Black "Kröncke, Manfred"]
[Result "1/2-1/2"]
[WhiteElo "1651"]
[BlackElo "2039"]
[PlyCount "152"]
[EventDate "2016.??.??"]
[WhiteTeam "Burgstädter TSV"]
[BlackTeam "SG Glückstadt"]

1. e4 c5 2. Nc3 Nc6 3. f4 g6 4. Nf3 Bg7 5. Bb5 Nd4 6. Bc4 a6 7. O-O e6 8. e5 d5
9. exd6 Qxd6 10. Ne4 Nxf3+ 11. Qxf3 Qd4+ 12. Kh1 f5 13. Re1 fxe4 14. Rxe4 Qf6
15. Qb3 Ne7 16. d3 b5 17. Bxe6 c4 18. Bxc4 bxc4 19. Qxc4 Bf5 20. Re2 Rc8 21.
Qb3 Qd6 22. Bd2 Rb8 23. Qc4 Rc8 24. Qb3 Rf8 25. Bb4 Qd7 26. Bxe7 Qxe7 27. Rxe7+
Kxe7 28. Re1+ Kd8 29. Qb6+ Rc7 30. Qd6+ Kc8 31. Qxa6+ Kb8 32. Qd6 Rf6 33. Re8+
Bc8 34. Qd5 Rxf4 35. g3 Rf5 36. Qd6 Rf6 37. Qd5 Rf5 38. Qb3+ Rb7 39. Qg8 Rc7
40. Rxc8+ Rxc8 41. Qxg7 Rxc2 42. Qg8+ Rc8 43. Qb3+ Ka7 44. Qa4+ Kb8 45. Qb4+
Ka7 46. Qd4+ Kb7 47. Qe4+ Kb8 48. d4 Rf2 49. Qe5+ Ka8 50. Qa5+ Kb8 51. Qe5+ Ka8
52. Qe4+ Kb8 53. Qe5+ Ka8 54. Qd5+ Kb8 55. Qd6+ Ka8 56. Qa3+ Kb8 57. Kg1 Rcc2
58. Qb4+ Ka8 59. Qa5+ Kb7 60. Qb5+ Ka8 61. Qe8+ Ka7 62. Qe3 Rfe2 63. Qa3+ Kb7
64. Qf3+ Kc8 65. Qf8+ Kb7 66. Qf7+ Kc8 67. Qg8+ Kb7 68. Qd5+ Kb8 69. Qd8+ Kb7
70. Qd7+ Kb8 71. Qb5+ Ka8 72. Qd5+ Kb8 73. Qg8+ Kb7 74. Qf7+ Kb8 75. Qf4+ Kb7
76. Qf3+ Kb8 1/2-1/2

[Event "Lichtenberger Sommer 2016"]
[Site "?"]
[Date "2016.08.13"]
[Round "1.61"]
[White "Kornrumpf, Joachim"]
[Black "Fiedler, Ronald"]
[Result "1-0"]
[WhiteElo "2076"]
[BlackElo "1700"]
[PlyCount "71"]
[EventDate "2016.??.??"]
[WhiteTeam "Preetzer TSV"]
[BlackTeam "Läufer Reinickendorf"]

1. c4 c5 2. Nf3 Nf6 3. Nc3 Nc6 4. g3 e6 5. Bg2 Be7 6. O-O O-O 7. d4 d5 8. cxd5
Nxd5 9. Nxd5 exd5 10. dxc5 Bxc5 11. a3 Be7 12. Be3 a6 13. Rc1 Be6 14. Nd4 Rc8
15. Nxc6 Rxc6 16. Rxc6 bxc6 17. Qa4 Qc8 18. b4 Qb7 19. Rc1 Rc8 20. Bd4 f6 21.
e3 Bd7 22. Bc5 Kf7 23. Bf1 Ra8 24. Bd3 g6 25. Qc2 Bd8 26. h4 Bg4 27. Bd4 Rc8
28. Qa4 a5 29. bxa5 Bf3 30. a6 Qd7 31. Bf1 Be7 32. a7 Qe8 33. Bh3 f5 34. Bg2
Be2 35. Rxc6 Rxc6 36. Bxd5+ 1-0

[Event "Lichtenberger Sommer 2016"]
[Site "?"]
[Date "2016.08.13"]
[Round "1.62"]
[White "Pöltelt, Helmut"]
[Black "Sabrowski, Uwe"]
[Result "0-1"]
[WhiteElo "1749"]
[BlackElo "2104"]
[PlyCount "72"]
[EventDate "2016.??.??"]
[WhiteTeam "SC Eintracht Berlin"]
[BlackTeam "SC Friesen Lichtenberg"]

1. e4 c5 2. Nf3 Nc6 3. d4 cxd4 4. Nxd4 Nf6 5. Nc3 e5 6. Nf3 Bb4 7. Bd3 d6 8.
Bd2 Bg4 9. a3 Ba5 10. h3 Bh5 11. g4 Bg6 12. Qe2 Qd7 13. g5 Nh5 14. b4 Bd8 15.
Nd5 O-O 16. c3 Ne7 17. Nh4 Nxd5 18. Nxg6 fxg6 19. exd5 Bb6 20. Be3 Nf4 21. Bxf4
Rxf4 22. f3 Rc8 23. Kd2 Rcf8 24. Be4 Rh4 25. Qg2 Rxe4 26. fxe4 Rf2+ 27. Qxf2
Bxf2 28. Raf1 Bg3 29. Kc2 Qb5 30. Rd1 Qe2+ 31. Kb3 b5 32. Rhg1 Bf4 33. Rge1 Qg2
34. h4 Bd2 35. Rg1 Qe2 36. a4 Qc4+ 0-1

[Event "Lichtenberger Sommer 2016"]
[Site "?"]
[Date "2016.08.13"]
[Round "1.63"]
[White "Albert, Jörg"]
[Black "Mueller, Jörg René"]
[Result "1-0"]
[WhiteElo "2149"]
[BlackElo "1557"]
[PlyCount "79"]
[EventDate "2016.??.??"]
[WhiteTeam "SV Eiche Reichenbrand"]
[BlackTeam "SC Zugzwang 95 (Berlin)"]

1. d4 d6 2. Nf3 f5 3. c3 g6 4. Nbd2 Bg7 5. e4 e6 6. Bd3 Ne7 7. Qb3 c6 8. O-O d5
9. exf5 Nxf5 10. Re1 O-O 11. Nf1 Na6 12. Ne3 Nxe3 13. Bxe3 Bf6 14. Qc2 Kg7 15.
Qd2 Rf7 16. Bh6+ Kh8 17. Bg5 Nc7 18. Ne5 Rf8 19. Bxf6+ Qxf6 20. Re3 Qg7 21. Rg3
Rf6 22. h4 Bd7 23. h5 Be8 24. hxg6 Bxg6 25. Bxg6 Rxg6 26. Nxg6+ hxg6 27. Qg5
Kh7 28. Rh3+ Kg8 29. Rh6 Kf7 30. Re1 Rh8 31. Rxh8 Qxh8 32. Qf4+ Qf6 33. Qxc7+
Qe7 34. Qb8 a6 35. Re3 Kg7 36. Rh3 g5 37. Qh8+ Kg6 38. Rh6+ Kf5 39. Qe5+ Kg4
40. f3# 1-0

[Event "Lichtenberger Sommer 2016"]
[Site "?"]
[Date "2016.08.13"]
[Round "1.64"]
[White "Schwager, Thomas"]
[Black "Guenther, Thomas"]
[Result "0-1"]
[WhiteElo "1632"]
[BlackElo "2044"]
[PlyCount "66"]
[EventDate "2016.??.??"]
[WhiteTeam "SC Friesen Lichtenberg"]
[BlackTeam "SV Senat (FV Schach)"]

1. d4 Nf6 2. c4 e6 3. Nc3 Bb4 4. Qc2 O-O 5. e3 b6 6. Bd3 Bb7 7. f3 d5 8. Nge2
c5 9. O-O cxd4 10. Nxd4 dxc4 11. Bxc4 Qe7 12. Bd2 a6 13. a3 Bd6 14. Bd3 Nbd7
15. Ne4 Rac8 16. Qb1 Nxe4 17. Bxe4 Nf6 18. Bxb7 Qxb7 19. Qd3 Rfd8 20. Qb3 Bc5
21. Bc3 Nd5 22. Rfe1 Nxe3 23. Rxe3 Bxd4 24. Bxd4 Rxd4 25. Rd3 Rxd3 26. Qxd3 b5
27. Rd1 h6 28. Rd2 Qb6+ 29. Kf1 Rc1+ 30. Rd1 Qc5 31. Ke2 Qe5+ 32. Kf2 Rxd1 33.
Qxd1 Qxb2+ 0-1

[Event "Lichtenberger Sommer 2016"]
[Site "?"]
[Date "2016.08.13"]
[Round "1.65"]
[White "Schäfer, Heiko"]
[Black "Gutewort, Paul Emil"]
[Result "1-0"]
[WhiteElo "2078"]
[BlackElo "1578"]
[PlyCount "71"]
[EventDate "2016.??.??"]
[WhiteTeam "Potsdamer SV"]
[BlackTeam "SF Nordost Berlin"]

1. c4 e5 2. Nc3 Bc5 3. Nf3 d6 4. e3 Nc6 5. d4 Bb4 6. d5 Nce7 7. Qa4+ Bd7 8.
Qxb4 a5 9. Qb3 f5 10. e4 Nf6 11. Bg5 Nxe4 12. Nxe4 fxe4 13. Nd2 h6 14. Bh4 g5
15. Bg3 a4 16. Qd1 Bf5 17. Be2 Kf8 18. Bg4 Bg6 19. Be6 h5 20. h4 g4 21. Qe2 Nf5
22. Bxf5 Bxf5 23. Nxe4 a3 24. b3 Qe7 25. O-O Qh7 26. Ng5 Qg6 27. Rad1 Rc8 28.
Bxe5 dxe5 29. Qxe5 Rh6 30. Rd4 Kg8 31. Rf4 Bd3 32. Re1 Qd6 33. Qe8+ Rxe8 34.
Rxe8+ Kg7 35. Rf7+ Kg6 36. Rg8# 1-0

[Event "Lichtenberger Sommer 2016"]
[Site "?"]
[Date "2016.08.13"]
[Round "1.66"]
[White "Baumgaertner, Andre"]
[Black "Wörz, Markus"]
[Result "0-1"]
[WhiteElo "1724"]
[BlackElo "2055"]
[PlyCount "126"]
[EventDate "2016.??.??"]
[WhiteTeam "SC Friesen Lichtenberg"]
[BlackTeam "SC Kreuzberg"]

1. d4 Nf6 2. c4 c5 3. Nf3 cxd4 4. Nxd4 b6 5. e3 Bb7 6. Nf3 e6 7. Be2 Be7 8. O-O
O-O 9. Nc3 d6 10. b3 a6 11. Bb2 Nbd7 12. Rc1 Rc8 13. Bd3 Qc7 14. Qe2 Qc6 15. e4
Qc7 16. Rfd1 Ne5 17. Bb1 Ng6 18. h3 Rfd8 19. Qe3 Nd7 20. Ne2 Ba8 21. Nf4 Nge5
22. Nd3 Nc6 23. Nf4 Nf6 24. Bxf6 Bxf6 25. Nh5 Be7 26. Qf4 Bf8 27. Qg5 Qe7 28.
Qf4 Kh8 29. e5 dxe5 30. Nxe5 Nxe5 31. Qxe5 Qc5 32. Qxc5 Bxc5 33. Ng3 Ba3 34.
Rxd8+ Rxd8 35. Rf1 Rd4 36. Bc2 Kg8 37. Rd1 Rxd1+ 38. Bxd1 Kf8 39. f3 Bc5+ 40.
Kf1 f5 41. Ne2 Ke7 42. Nf4 Be3 43. Nd3 Kd6 44. Ke2 Bd4 45. Nb4 Bb7 46. Kd3 Bg1
47. Nc2 Ke5 48. Ke2 Kf4 49. Kf1 Bc5 50. b4 Be7 51. Kf2 Bh4+ 52. Kf1 e5 53. a4
e4 54. Nd4 Bf6 55. Ne2+ Ke3 56. Ng3 g6 57. fxe4 fxe4 58. Bc2 Be5 59. Ne2 Kd2
60. Bb3 e3 61. Ng1 Be4 62. Nf3+ Bxf3 63. gxf3 e2+ 0-1

[Event "Lichtenberger Sommer 2016"]
[Site "?"]
[Date "2016.08.13"]
[Round "1.67"]
[White "Schnabel, Bennett"]
[Black "Fock, Amina"]
[Result "1-0"]
[WhiteElo "2044"]
[BlackElo "1511"]
[PlyCount "101"]
[EventDate "2016.??.??"]
[WhiteTeam "SV Mattnetz Berlin"]
[BlackTeam "SK International Berlin"]

1. e4 d5 2. exd5 Qxd5 3. Nc3 Qd6 4. d4 Nf6 5. Nf3 Bg4 6. Nb5 Qd8 7. Bf4 Na6 8.
Be2 c6 9. Na3 Nc7 10. c3 Ncd5 11. Bg3 e6 12. Nc4 Be7 13. h3 Bh5 14. O-O O-O 15.
Qb3 Nb6 16. Na5 Qc8 17. Rfe1 Ne4 18. Ba6 bxa6 19. Rxe4 Bxf3 20. gxf3 Rd8 21.
Qc2 Rd5 22. Nb3 Qb7 23. Kh2 Nc4 24. Rg1 g6 25. Bh4 Bxh4 26. Rxh4 Rf5 27. Rg3
Qc7 28. Qc1 Rxf3 29. Kg2 Rxg3+ 30. fxg3 f5 31. Nc5 e5 32. b3 Nb6 33. Nxa6 Qe7
34. Nb4 c5 35. dxc5 Qxc5 36. Qh6 Qe7 37. Nd3 e4 38. Nf4 Qg7 39. Ne6 Qxh6 40.
Rxh6 Rc8 41. c4 Nd7 42. g4 Nc5 43. gxf5 gxf5 44. Nxc5 Rxc5 45. Rd6 a5 46. Kg3
Kf7 47. Kf4 Kg7 48. h4 Kf7 49. h5 Kg7 50. h6+ Kf7 51. Ra6 1-0

[Event "Lichtenberger Sommer 2016"]
[Site "?"]
[Date "2016.08.13"]
[Round "1.68"]
[White "Bartoszewski-Reiski, Olaf"]
[Black "Kapr, Klaus"]
[Result "0-1"]
[WhiteElo "1574"]
[BlackElo "1990"]
[PlyCount "98"]
[EventDate "2016.??.??"]
[WhiteTeam "BKS Chemik Bydgoszcz"]
[BlackTeam "SC Friesen Lichtenberg"]

1. e4 d5 2. exd5 Qxd5 3. Nc3 Qa5 4. d4 Nf6 5. Bd2 c6 6. Bc4 Bf5 7. Nf3 e6 8. h3
Nbd7 9. Qe2 Bb4 10. a3 O-O 11. O-O Bxc3 12. Bxc3 Qc7 13. Ne5 Nd5 14. Bxd5 cxd5
15. Rac1 Rfe8 16. Rfe1 Rac8 17. Qb5 Nxe5 18. dxe5 a6 19. Qe2 Qc4 20. Qd2 Qa4
21. Re2 Qh4 22. b3 Bxh3 23. gxh3 Rxc3 24. Qxc3 Qg5+ 25. Kh2 Qxc1 26. Qb4 b5 27.
Qc5 Qd1 28. Re3 Rf8 29. Rg3 Qe2 30. Qd4 Rc8 31. c3 g6 32. h4 h5 33. Qf4 Qc2 34.
Rf3 Rc7 35. Qf6 Rd7 36. b4 Kh7 37. Qg5 Qe4 38. Rf4 Qc2 39. Qg3 Rc7 40. Rf3 Kg7
41. Qf4 Kh7 42. Qe3 Qd1 43. Kg2 Kg8 44. Qb6 Rc8 45. Qxa6 Rc4 46. Rg3 Rxh4 47.
Rxg6+ Kh7 48. Rg5 Qh1+ 49. Kg3 Qh3# 0-1

[Event "Lichtenberger Sommer 2016"]
[Site "?"]
[Date "2016.08.13"]
[Round "1.69"]
[White "Badestein, Hartmut"]
[Black "Verbitsky, Jaroslaw"]
[Result "1-0"]
[WhiteElo "2060"]
[BlackElo "1551"]
[PlyCount "169"]
[EventDate "2016.??.??"]
[WhiteTeam "SC Friesen Lichtenberg"]
[BlackTeam "SV Mattnetz Berlin"]

1. e4 c6 2. d4 d5 3. exd5 cxd5 4. Bd3 Nf6 5. Nf3 Bg4 6. Nbd2 e6 7. O-O Bd6 8.
c3 Qc7 9. h3 Bh5 10. Re1 O-O 11. g4 Bg6 12. Bxg6 hxg6 13. Ne5 Nc6 14. Qe2 Nd7
15. Ndf3 Nf6 16. Ng5 Bxe5 17. dxe5 Nd7 18. Bf4 Rfe8 19. Qe3 Qb6 20. Qd2 Ndxe5
21. Bxe5 Nxe5 22. Rxe5 f6 23. Rxe6 Rxe6 24. Nxe6 Qxe6 25. Re1 Qd7 26. Qd4 b5
27. Rd1 Rd8 28. b3 Kf7 29. c4 bxc4 30. bxc4 Qa4 31. Rd2 Rd7 32. Kg2 Qb4 33.
cxd5 Qxd4 34. Rxd4 f5 35. g5 Ke7 36. Ra4 Kd6 37. Ra6+ Kxd5 38. Rxg6 Ke5 39. Ra6
Kf4 40. h4 Kg4 41. Ra4+ f4 42. g6 Kxh4 43. Rxf4+ Kg5 44. Rf7 Rd2 45. Rxa7 Kxg6
46. a4 Ra2 47. Kg3 Kf5 48. Rf7+ Ke6 49. Rf4 g5 50. Rb4 Kf6 51. Rb6+ Kg7 52. Rb4
Kf6 53. f3 Ra3 54. Kg4 Ke7 55. Rb7+ Kf6 56. Ra7 Ke6 57. Ra6+ Ke7 58. a5 Kd7 59.
Ra7+ Kc6 60. a6 Kb6 61. Rg7 Kxa6 62. Rxg5 Kb6 63. Rd5 Kc6 64. Rd2 Ra1 65. f4
Rg1+ 66. Kh5 Rh1+ 67. Kg6 Rg1+ 68. Kf6 Rf1 69. f5 Rg1 70. Kf7 Rf1 71. f6 Rf3
72. Kg7 Rg3+ 73. Kf8 Kc7 74. f7 Rg1 75. Re2 Kd7 76. Re7+ Kd8 77. Re5 Kd7 78.
Re7+ Kd8 79. Re4 Kd7 80. Rd4+ Kc7 81. Ke7 Re1+ 82. Kf6 Rf1+ 83. Ke6 Re1+ 84.
Kf5 Ra1 85. f8=Q 1-0

[Event "Lichtenberger Sommer 2016"]
[Site "?"]
[Date "2016.08.13"]
[Round "1.70"]
[White "Wahner, Eberhard"]
[Black "Püschel, Werner"]
[Result "0-1"]
[WhiteElo "1511"]
[BlackElo "2028"]
[PlyCount "102"]
[EventDate "2016.??.??"]
[WhiteTeam "SC Eintracht Berlin"]
[BlackTeam "Lasker Steglitz-Wilmersdorf"]

1. c4 Nf6 2. Nc3 e6 3. g3 a6 4. Bg2 Be7 5. Nf3 O-O 6. O-O d6 7. d4 c6 8. e4
Nbd7 9. Re1 e5 10. d5 c5 11. Nh4 g6 12. f4 Nh5 13. Nf3 Bf6 14. f5 Nb6 15. Nd2
Ng7 16. fxg6 hxg6 17. b3 Nh5 18. Rf1 Kg7 19. Rb1 Qe7 20. Nf3 Bg4 21. Qe1 Bxf3
22. Rxf3 Bg5 23. Qf1 Bxc1 24. Rxc1 Nd7 25. Re1 Ndf6 26. Nd1 b5 27. Nf2 b4 28.
Nd3 a5 29. h3 a4 30. g4 Nf4 31. Nxf4 exf4 32. Rxf4 Nd7 33. Rf2 Ne5 34. Bf3 axb3
35. axb3 Ra3 36. Bd1 Qh4 37. Re3 Ra1 38. Re1 Qg3+ 39. Rg2 Nf3+ 40. Bxf3 Qxe1
41. Qxe1 Rxe1+ 42. Kf2 Rb1 43. Rg1 Rxg1 44. Kxg1 Kf6 45. Kf2 g5 46. Ke3 Rh8 47.
Bg2 Ke5 48. Kd2 Kd4 49. Kc2 f6 50. Kb2 Ke3 51. Kc2 Kf2 0-1

[Event "Lichtenberger Sommer 2016"]
[Site "?"]
[Date "2016.08.13"]
[Round "1.71"]
[White "Goldenstein, Arnd"]
[Black "Möller, Dirk"]
[Result "1-0"]
[WhiteElo "2016"]
[BlackElo "1577"]
[PlyCount "25"]
[EventDate "2016.??.??"]
[WhiteTeam "Klub Kölner SF"]
[BlackTeam "SC Kreuzberg"]

1. d4 f5 2. g3 Nf6 3. Bg2 e6 4. c4 c6 5. Nc3 Bb4 6. Bf4 O-O 7. Nf3 d5 8. O-O
Nbd7 9. Qb3 Bxc3 10. bxc3 Nb6 11. Ne5 Ne4 12. f3 Nd6 13. c5 1-0

[Event "Lichtenberger Sommer 2016"]
[Site "?"]
[Date "2016.08.13"]
[Round "1.72"]
[White "Wilke, Hans-Peter"]
[Black "Wierzbicki, Jirawat"]
[Result "0-1"]
[WhiteElo "1613"]
[BlackElo "2051"]
[PlyCount "74"]
[EventDate "2016.??.??"]
[WhiteTeam "Läufer Reinickendorf"]
[BlackTeam "SK König Tegel"]

1. b4 e5 2. Bb2 Bxb4 3. Bxe5 Nf6 4. e3 Nc6 5. Bb2 d5 6. Nf3 O-O 7. c4 Be6 8.
cxd5 Nxd5 9. Be2 f5 10. O-O Be7 11. d3 Bf6 12. Bxf6 Qxf6 13. Nbd2 Nc3 14. Qe1
Nb4 15. Nd4 c5 16. a3 cxd4 17. axb4 dxe3 18. fxe3 Nd5 19. Bf3 Nxb4 20. Qb1 Qc3
21. Rd1 Nc2 22. Qc1 Qxa1 23. Qxc2 Qe5 24. Nc4 Qc5 25. Qe2 Rae8 26. Nb2 Bd5 27.
d4 Bxf3 28. gxf3 Qe7 29. Nc4 Rc8 30. Ne5 Rc3 31. f4 Rfc8 32. Qa2+ Kf8 33. Qf2
Rc1 34. Rxc1 Rxc1+ 35. Kg2 g6 36. Qf3 Qh4 37. Qd5 Rc2+ 0-1

[Event "Lichtenberger Sommer 2016"]
[Site "?"]
[Date "2016.08.13"]
[Round "1.73"]
[White "Kötz, Andreas"]
[Black "David, Daniel"]
[Result "1-0"]
[WhiteElo "2027"]
[BlackElo "1445"]
[PlyCount "25"]
[EventDate "2016.??.??"]
[WhiteTeam "SC Zitadelle Spandau"]
[BlackTeam "SC Erkrath"]

1. d4 d5 2. c4 b6 3. cxd5 Qxd5 4. Nc3 Qd6 5. Nf3 Bb7 6. e4 Nd7 7. Nb5 Qc6 8. d5
Qc5 9. Be3 Qb4+ 10. Nd2 Kd8 11. Qc2 Nc5 12. a3 Qa4 13. b3 1-0

[Event "Lichtenberger Sommer 2016"]
[Site "?"]
[Date "2016.08.13"]
[Round "1.74"]
[White "Bastian, Reinhard"]
[Black "Shapiro, Yosip"]
[Result "0-1"]
[WhiteElo "1441"]
[BlackElo "2090"]
[PlyCount "58"]
[EventDate "2016.??.??"]
[WhiteTeam "vereinslos"]
[BlackTeam "SV Berolina Mitte"]

1. e4 Nf6 2. e5 Nd5 3. d4 d6 4. Nf3 Bg4 5. Be2 e6 6. c4 Nb6 7. O-O Be7 8. Nc3
O-O 9. b3 Nc6 10. Bb2 d5 11. c5 Nd7 12. Qd2 b6 13. Bb5 Na5 14. b4 Nc4 15. Bxc4
dxc4 16. Qe2 bxc5 17. dxc5 Rb8 18. Rad1 Qc8 19. a3 a5 20. bxa5 Nxc5 21. Rfe1
Nd3 22. Rxd3 cxd3 23. Qd2 Qb7 24. Rb1 Bxf3 25. Bc1 Qc6 26. gxf3 Rxb1 27. Nxb1
Qxf3 28. Qe3 Qd1+ 29. Kg2 Qc2 0-1

[Event "Lichtenberger Sommer 2016"]
[Site "?"]
[Date "2016.08.13"]
[Round "1.75"]
[White "Silz, Elisa"]
[Black "Fock, Sana"]
[Result "1-0"]
[WhiteElo "1973"]
[BlackElo "1581"]
[PlyCount "119"]
[EventDate "2016.??.??"]
[WhiteTeam "SV Empor Berlin"]
[BlackTeam "SK International Berlin"]

1. d4 d5 2. c4 e6 3. Nc3 Nf6 4. Bg5 c6 5. e3 Be7 6. Nf3 h6 7. Bh4 O-O 8. Bd3
Re8 9. O-O Nbd7 10. Re1 dxc4 11. Bxc4 Bd6 12. e4 e5 13. d5 Nb6 14. Bb3 c5 15.
h3 Bd7 16. a4 c4 17. Bc2 a5 18. Nd2 Bb4 19. Qe2 Rc8 20. Rec1 Rc7 21. Bd1 Kf8
22. f3 Qe7 23. g4 g5 24. Bf2 Bc5 25. Nb5 Bxb5 26. axb5 Bxf2+ 27. Qxf2 Qc5 28.
Qxc5+ Rxc5 29. Rxa5 Rec8 30. Nb1 Ne8 31. Nc3 Nd6 32. Kf2 Ke8 33. Ke3 Kd8 34.
Kd2 Kd7 35. Be2 Kd8 36. h4 f6 37. hxg5 fxg5 38. Rh1 Nf7 39. Kc2 Kd7 40. Na4
Nxa4 41. Rxa4 c3 42. b3 Ke7 43. Rc4 R5c7 44. Rxc7+ Rxc7 45. Bc4 Nd6 46. b6 Rc8
47. Rxh6 Nxc4 48. bxc4 Rxc4 49. Rh7+ Kd6 50. Rxb7 Rc5 51. Rg7 Rb5 52. Rxg5 Rxb6
53. Rg6+ Kc7 54. Rxb6 Kxb6 55. Kxc3 Kc7 56. Kc4 Kd6 57. Kb5 Kd7 58. Kc5 Kc7 59.
d6+ Kd7 60. Kd5 1-0

[Event "Lichtenberger Sommer 2016"]
[Site "?"]
[Date "2016.08.13"]
[Round "1.76"]
[White "Koerber, Bernhard"]
[Black "Kutschke, Jens"]
[Result "0-1"]
[WhiteElo "1567"]
[BlackElo "2002"]
[PlyCount "30"]
[EventDate "2016.??.??"]
[WhiteTeam "Lasker Steglitz-Wilmersdorf"]
[BlackTeam "SF 1903 Berlin"]

1. e4 e6 2. d4 d5 3. Nc3 Bb4 4. e5 c5 5. a3 Bxc3+ 6. bxc3 Qc7 7. Bd2 Nc6 8. Nf3
Nge7 9. Bd3 Bd7 10. O-O c4 11. Be2 O-O-O 12. a4 f6 13. Bf4 Ng6 14. Bg3 f5 15.
Ng5 f4 0-1

[Event "Lichtenberger Sommer 2016"]
[Site "?"]
[Date "2016.08.13"]
[Round "1.77"]
[White "Witte, Ronald"]
[Black "Schacht, Thomas"]
[Result "1/2-1/2"]
[WhiteElo "2023"]
[BlackElo "1678"]
[PlyCount "25"]
[EventDate "2016.??.??"]
[WhiteTeam "BSV 63 Chemie Weißensee"]
[BlackTeam "BSV 63 Chemie Weißensee"]

1. d4 d5 2. c4 dxc4 3. Nf3 Nf6 4. e3 e6 5. Bxc4 c5 6. O-O cxd4 7. exd4 a6 8.
Ne5 Qc7 9. Qa4+ Nfd7 10. Bf4 Bd6 11. Rc1 Nc6 12. Qd1 Ncxe5 13. dxe5 1/2-1/2

[Event "Lichtenberger Sommer 2016"]
[Site "?"]
[Date "2016.08.13"]
[Round "1.78"]
[White "Goroll, Hans-Juergen"]
[Black "Richter, Götz"]
[Result "0-1"]
[WhiteElo "1647"]
[BlackElo "2009"]
[PlyCount "42"]
[EventDate "2016.??.??"]
[WhiteTeam "Umweltbundesamt (FV Schach)"]
[BlackTeam "Klub Kölner SF"]

1. Nf3 c5 2. c4 Nc6 3. Nc3 g6 4. d4 cxd4 5. Nxd4 Bg7 6. e3 Nf6 7. b3 O-O 8. Bb2
d6 9. Be2 Bd7 10. O-O a6 11. Bf3 Rc8 12. Rc1 Nxd4 13. exd4 Rc7 14. Re1 Re8 15.
Ba1 b5 16. cxb5 axb5 17. Qe2 b4 18. Nb5 Rxc1 19. Rxc1 Qb6 20. Nc7 Rc8 21. Re1
Qxc7 0-1